Etiqueta de registo: 00254nam 2200025 450
001 2200916
003 http://id.bnportugal.gov.pt/bib/catbnp/2200916
010 ## $a978-989-559-686-7$bv. 1)
010 ## $a978-989-559-687-4$bv. 2)
010 ## $a978-989-559-688-1$bv. 3)
010 ## $a978-989-559-785-7$bv. 4)
021 ## $aPT$b534876/24
100 ## $a20241226d2024 a y0pory01030103ba
101 1# $apor$cjpn
102 ## $aPT
105 ## $aa t 000zy
106 ## $ar
200 1# $aCrianças do mar$fDaisuke Igarashi$gtrad. Alexandra Costa Ferreira... [et al.]
210 #9 $aPalmela$cDevir,$d2024
215 ## $a4 v.$ctodo il.$d21 cm
304 ## $aTít. orig.: KaijÅu no kodomo
675 ## $a087.5$vBN$zpor$3287999
675 ## $a741(=1:52)"19/20"$vBN$zpor$31490770
675 ## $a821.521-9"19/20"$vBN$zpor$31175675
700 #1 $aIgarashi,$bDaisuke,$f1969-$31939655
702 #1 $aFerreira,$bAlexandra Costa$4730$31760845
801 #0 $aPT$bBN$gRPC
856 41 $uhttp://rnod.bnportugal.gov.pt/ImagesBN/winlibimg.aspx?skey=&doc=2200916&img=202440&save=true
900 ## $aBIBNAC$d20250108
966 ## $d1º v.$lBN$mFGMON$sP. 68540 V.$x1
966 ## $d1º v.$lBN$mFGMON$sP. 68540 V.-D$x1
966 ## $d3º v.$lBN$mFGMON$sP. 71529 V.$x1
966 ## $d3º v.$lBN$mFGMON$sP. 71529 V.-D$x1
966 ## $d2º v.$lBN$mFGMON$sP. 71634 V.$x1
966 ## $d2º v.$lBN$mFGMON$sP. 71634 V.-D$x1
966 ## $d4º v.$lBN$mFGMON$sP. 72693 V.$x1
966 ## $d4º v.$lBN$mFGMON$sP. 72693 V.-D$x1
971 ## $cabrito$d20241226
972 ## $e0$z0$d20250108$viquintas
973 ## $ctrodrigues$d20241227